| 000 | 00590nam a22001937a 4500 | ||
|---|---|---|---|
| 005 | 20241207061625.0 | ||
| 008 | 241206b ||||| |||| 00| 0 eng d | ||
| 020 | _a9788194372202 | ||
| 040 | _cAL | ||
| 041 | _aeng | ||
| 082 |
_223 _a320.01 _bVARP |
||
| 100 |
_aDavis Panadan Varghese _9188115 |
||
| 245 |
_aPolitical science _b: theory and thoughts |
||
| 260 |
_aBengaluru _bMPP House _c2024 |
||
| 300 |
_a666p. _bPB _c23.3x15cm. |
||
| 365 |
_2General _a1060 _b₹580.35 _c₹ _d₹795.00 _e27% _f28-11-2024 |
||
| 650 |
_2Political Science _aPhilosophy and Theory _9188116 |
||
| 942 |
_2ddc _cBK |
||
| 999 |
_c232160 _d232160 |
||